| 000 | 01233 a2200217 4500 | ||
|---|---|---|---|
| 005 | 20080911155231.0 | ||
| 008 | 080911t xxu||||| |||| 00| 0 hin d | ||
| 010 | _aHIN-80631 | ||
| 020 |
_a818777455x _c300.00 |
||
| 035 | _aHN-52977 | ||
| 037 | _bD.B.Act / pub | ||
| 082 | _a929.8154 | ||
| 100 | _aसक्सेना, बलबीर | ||
| 245 |
_aजवाहरलाल नेहरू अन्तरराष्ट्रीय सद्भावना पुरस्कार से सम्मानित विभूतियां _cबलबीर सक्सेना |
||
| 246 |
_aJawaharlal Nehru antarrastriy Sadbhavna puraskar se sammanit vibhutiyan _bby Balbir Saxena |
||
| 260 |
_aनई दिल्ली _bनीलकंठ प्रकाशन _c2006 |
||
| 270 |
_a1/1079-ई, महरौली _bनई दिल्ली _e110032 |
||
| 300 |
_a283पृ _c22सेमी (सजिल्द) |
||
| 942 |
_adpl _cHN _k929.8154 / सक्सेना _2ddc _h929.8154 _mसक्सेना |
||
| 999 |
_c6511 _d6511 |
||